[Event "FRA-chT U20 GpB 1213"]
[Site "France"]
[Date "2013.01.05"]
[Round "5"]
[White "Rodriguez, Adrien"]
[Black "Benhaim, Louis"]
[Result "1-0"]
[WhiteElo "2012"]
[BlackElo "1779"]
[PlyCount "103"]
[EventDate "2012.12.01"]
[EventType "team"]
[EventRounds "7"]
[EventCountry "FRA"]
[SourceTitle "EXT 2014"]
[Source "ChessBase"]
[SourceDate "2013.11.20"]
[SourceVersion "1"]
[SourceVersionDate "2013.11.20"]
[SourceQuality "1"]
[WhiteTeam "Creteil (U20)"]
[BlackTeam "Lutece (U20)"]
[WhiteTeamCountry "FRA"]
[BlackTeamCountry "FRA"]

1. d4 d5 2. Nf3 Nf6 3. c4 c6 4. e3 e6 5. b3 Bb4+ 6. Bd2 Bd6 7. Bd3 Nbd7 8. Bc3 Ne4 9. 0-0 f5 10. Bb2 Qf6 11. Bxe4 fxe4 12. Ne5 Bxe5 13. dxe5 Qf5 14. f3 0-0 15. Nd2 Qg5 16. f4 Qg6 17. Ba3 Re8 18. Nb1 b6 19. Nc3 Ba6 20. Rf2 Rad8 21. Rd2 Qf7 22. Rc1 Nf8 23. Nxe4 d4 24. Rxd4 Rxd4 25. Qxd4 c5 26. Qd6 Bb7 27. Ng5 Qg6 28. Kf2 h6 29. Nf3 Qh5 30. Qd1 Re7 31. Qe2 Rd7 32. e4 Rf7 33. g3 g5 34. Rg1 Kh8 35. g4 Qg6 36. f5 Qh7 37. Rg3 Rd7 38. Bc1 Qe7 39. Rh3 Kg8 40. Rxh6 exf5 41. gxf5 g4 42. Nh4 Qxe5 43. Qxg4+ Rg7 44. Ng6 Nxg6 45. Rxg6 Qxh2+ 46. Ke3 Qe5 47. Rxg7+ Qxg7 48. Qxg7+ Kxg7 49. Kf4 Kf7 50. e5 Bc6 51. e6+ Ke7 52. Ke5 1-0

[Event "FRA-chT U20 GpB 1213"]
[Site "France"]
[Date "2013.01.04"]
[Round "4"]
[White "Benhaim, Louis"]
[Black "Niepceron, Luc"]
[Result "0-1"]
[WhiteElo "1779"]
[BlackElo "1715"]
[PlyCount "54"]
[EventDate "2012.12.01"]
[EventType "team"]
[EventRounds "7"]
[EventCountry "FRA"]
[SourceTitle "EXT 2014"]
[Source "ChessBase"]
[SourceDate "2013.11.20"]
[SourceVersion "1"]
[SourceVersionDate "2013.11.20"]
[SourceQuality "1"]
[WhiteTeam "Lutece (U20)"]
[BlackTeam "Agneaux Saint Lo (U20)"]
[WhiteTeamCountry "FRA"]
[BlackTeamCountry "FRA"]

1. d4 Nf6 2. c4 g6 3. Nc3 d5 4. cxd5 Nxd5 5. Bd2 Bg7 6. e4 Nxc3 7. Bxc3 0-0 8. Nf3 c5 9. d5 Bg4 10. Be2 Nd7 11. Bxg7 Kxg7 12. Qd2 Nf6 13. Qe3 e6 14. Rd1 exd5 15. exd5 Qa5+ 16. Kf1 Rfe8 17. Ne5 Bxe2+ 18. Qxe2 Nd7 19. Nc4 Rxe2 20. Nxa5 Rxb2 21. g3 Re8 22. Kg2 Ree2 23. Rhf1 b6 24. Nc6 Rxa2 25. Kh3 Rad2 26. Rfe1 Rxf2 27. g4 Rf3+ 0-1

[Event "FRA-chT U20 GpB 1213"]
[Site "France"]
[Date "2012.12.01"]
[Round "1"]
[White "Bellaiche, Elise"]
[Black "Benhaim, Louis"]
[Result "1-0"]
[WhiteElo "1976"]
[BlackElo "1779"]
[PlyCount "63"]
[EventDate "2012.12.01"]
[EventType "team"]
[EventRounds "7"]
[EventCountry "FRA"]
[SourceTitle "EXT 2014"]
[Source "ChessBase"]
[SourceDate "2013.11.20"]
[SourceVersion "1"]
[SourceVersionDate "2013.11.20"]
[SourceQuality "1"]
[WhiteTeam "Villepinte (U20)"]
[BlackTeam "Lutece (U20)"]
[WhiteTeamCountry "FRA"]
[BlackTeamCountry "FRA"]

1. e4 c5 2. Nc3 Nc6 3. Bb5 g6 4. Bxc6 bxc6 5. d3 Bg7 6. f4 e6 7. e5 d5 8. exd6 Qxd6 9. Ne4 Qc7 10. Nf3 Nf6 11. Nxf6+ Bxf6 12. 0-0 0-0 13. Rb1 Rd8 14. Qe1 Ba6 15. b3 Rab8 16. Be3 Bd4 17. Nxd4 cxd4 18. Bf2 Rb5 19. Bh4 Rdd5 20. Bf6 Qd6 21. a4 Rb7 22. Rf3 h5 23. Qh4 Qc5 24. Rf2 Qd6 25. Re1 Qb4 26. Rf3 Rf5 27. Re2 Qc3 28. Be5 f6 29. Bxf6 Rd5 30. Be5 Rf7 31. Qg5 Kh7 32. Rg3 1-0